书目信息 |
| 题名: |
非煤矿床地下开采
|
|
| 作者: | 臧传伟 编 | |
| 分册: | ||
| 出版信息: | 北京 煤炭工业出版社 2015 |
|
| 页数: | 240页 | |
| 开本: | 26cm | |
| 丛书名: | ||
| 单 册: | ||
| 中图分类: | TD853 , TD87 | |
| 科图分类: | ||
| 主题词: | 金属矿开采--教材--高等教育--地下开采 , 非金属矿开采--教材--高等教育--地下开采 | |
| 电子资源: | ||
| ISBN: | 978-7-5020-4818-1 | |
| 000 | 00922nam0 2200253 450 | |
| 001 | 592 | |
| 005 | 20160908110444.93 | |
| 010 | @a978-7-5020-4818-1@dCNY30.00 | |
| 100 | @a20150831d2015 em y0chiy50 ea | |
| 101 | 0 | @achi |
| 102 | @aCN@b110000 | |
| 105 | @aa z 000yy | |
| 200 | 1 | @a非煤矿床地下开采@9fei mei kuang chuang di xia kai cai@f臧传伟编 |
| 210 | @a北京@c煤炭工业出版社@d2015 | |
| 215 | @a240页@c图@d26cm | |
| 300 | @a高等教育“十二五”规划教材 | |
| 330 | @a本书重点介绍了矿床开拓、回采工作过程、采矿方法的分类和选择、空场采矿法、充填采矿法及崩落采矿法,简要说明了特殊采矿法,补充了有关海洋采矿、极地资源和高原高寒地区资源采矿的有关知识。 | |
| 606 | 0 | @a金属矿开采@j教材@x高等教育@x地下开采 |
| 606 | 0 | @a非金属矿开采@j教材@x高等教育@x地下开采 |
| 690 | @aTD853@v5 | |
| 690 | @aTD87@v5 | |
| 701 | 0 | @a臧传伟@9zang zhuan wei@4编 |
| 801 | 0 | @aCN@b唐山师范学院图书馆@c20160723 |
| 905 | @aZUCC@dTD853@e35 | |
| 非煤矿床地下开采/臧传伟编.-北京:煤炭工业出版社,2015 |
| 240页:图;26cm |
| 高等教育“十二五”规划教材 |
| ISBN 978-7-5020-4818-1:CNY30.00 |
| 本书重点介绍了矿床开拓、回采工作过程、采矿方法的分类和选择、空场采矿法、充填采矿法及崩落采矿法,简要说明了特殊采矿法,补充了有关海洋采矿、极地资源和高原高寒地区资源采矿的有关知识。 |
| ● |
| 相关链接 |
|
|
|
|
正题名:非煤矿床地下开采
索取号:TD853/35
 
预约/预借
| 序号 | 登录号 | 条形码 | 馆藏地/架位号 | 状态 | 备注 |
| 1 | 902534 | 209025348 | 第二样本阅览室/ [索取号:TD853/35] | 在馆 | |
| 2 | 902535 | 209025357 | 第三借阅区/ [索取号:TD853/35] | 在馆 | |
| 3 | 902536 | 209025366 | 第三借阅区/ [索取号:TD853/35] | 在馆 | |
| 4 | 902537 | 209025375 | 第三借阅区/ [索取号:TD853/35] | 在馆 | |
| 5 | 902538 | 209025384 | 第三借阅区/ [索取号:TD853/35] | 在馆 |